00720nam a2200241 a 4500001001300000003000900013005001700022008004100039020001000080082001600090100002400106245004200130260003700172300001000209500003500219505002400254650003200278700002400310902000800334942000700342952011400349999001500463nice12345678IN_TiNIC20260116011452.0070528s1924 boma grp 000 0 eng  ac10000a491.21bAPT aApte, Vaman Shivram aPracticle Sanskrit-English Dictionary aBombaybGopal Narayan & Coc1924 a1048p aincludes index and biblioraphy2 a3rd ed.rev.and enl. aDictionary-Sanskrit-English1 aApte, Vaman Shivram bRBA cBK 001040708RareBook->aHMIbHMId2007-06-07g100.00l0o491.21 APTp076r2007-06-07v100.00w2007-05-28yBK c1815d1815